Solución de la cuestión de límites entre Chile i Bolivia
Guardat en:
| Autor principal: | |
|---|---|
| Format: | Llibre |
| Idioma: | espanyol |
| Publicat: |
Santiago
Imprenta del Ferrocarril, calle de la Bandera, núm. 39
1863
|
| Edició: | 1a. ed |
| Matèries: | |
| Etiquetes: |
Afegir etiqueta
Sense etiquetes, Sigues el primer a etiquetar aquest registre!
|
MARC
| LEADER | 00000nam a2200000 a 4500 | ||
|---|---|---|---|
| 001 | UCJ3159 | ||
| 003 | CL-VaPUC | ||
| 008 | 070124e18630000CL |||||||||||||||||spa|d | ||
| 082 | 0 | 4 | |a 983 |b TOR |2 21 |
| 100 | 0 | |a Torres, José Antonio |e author |9 504716 | |
| 245 | 1 | 0 | |a Solución de la cuestión de límites entre Chile i Bolivia |
| 250 | |a 1a. ed | ||
| 300 | |a 64 p | ||
| 942 | |c BK | ||
| 945 | |d 20070124 00:00:00 |a rinostro | ||
| 260 | |a Santiago |b Imprenta del Ferrocarril, calle de la Bandera, núm. 39 |c 1863 | ||
| 500 | |a La c.1 se encuentra separada, en 983 TOR; la c. 2 se encuentra empastada junto a otras cinco monografías relativas al tema límites con Bolivia, en un volumen rotulado en el lomo Límites entre Chile i Bolivia, ubicación 983 AMU | ||
| 650 | 0 | |a Historia de Chile |9 265473 | |
| 650 | 0 | |a Diplomacia Chilena |9 447165 | |
| 650 | 7 | |a LIMITES CON BOLIVIA |2 CL-VaPUC |9 504189 | |
| 650 | 0 | |a Derecho internacional |9 255637 | |
| 650 | 7 | |a CONTROVERSIA LIMITROFE |2 CL-VaPUC |9 504717 | |
| 650 | 0 | |a Geopolítica |9 313921 | |
| 651 | 7 | |a CHILE |2 CL-VaPUC |9 504718 | |
| 651 | 0 | |a Bolivia |9 255454 | |
| 651 | 0 | |a Desierto de Atacama |9 443691 | |
| 583 | |a last modification |c 20070124 00:00:00 |k Rodrigo Vera | ||
| 999 | |c 319281 |d 319279 | ||
| 952 | |0 0 |1 0 |4 0 |6 983_000000000000000_TOR_1863 |7 0 |8 X |9 397561 |a FDOBUD |b FDOBUD |d 2019-11-22 |i 1004778 |o 983 TOR 1863 |p 1004778 |r 2019-11-22 |w 2019-11-22 |y BK_X |k BUD | ||
| 952 | |0 0 |1 0 |4 0 |6 983_000000000000000_TOR_1863 |7 0 |8 X |9 397562 |a FDOBUD |b FDOBUD |d 2019-11-22 |i 102339K |o 983 TOR 1863 |p 102339K |r 2019-11-22 |w 2019-11-22 |y BK_X |k BUD | ||